Picture Quiz: Statues Of British Footballers - Statistics

General Stats
  • This quiz has been taken 63 times
  • The average score is 6 of 16
Answer Stats
Picture Answer % Correct
Bobby Moore
94%
Bobby Charlton
81%
George Best
65%
Tony Adams
57%
Denis Law
56%
Alan Shearer
54%
Billy Bremner
41%
Martin Peters
39%
Emlyn Hughes
35%
Jimmy Hill
30%
Alan Ball
22%
Johnny Haynes
20%
Cyrille Regis
13%
Jimmy Armfield
9%
Howard Kendall
6%
Laurie Cunningham
6%
No matching quizzes found
Score Distribution
Percent of People with Each Score
Percentile by Number Answered
Your Score History
You have not taken this quiz